000 00466nam a2200181Ia 4500
001 22895
005 20260414150901.0
008 260414t2022||||xx |||||||||||||| ||spa||
041 _aESP
082 _a624.17
_bM96B
100 _aMuñoz Hidalgo, Manuel,
_eAUT
245 0 _aAprenda de forma fácil y rápida patología de la edificación
_b
260 _c2022
300 _a262 páginas :
_c24 cm.
650 _a0
654 _aCIC
942 _cLIB
_dJUS
_fJUS
_2ddc
_n
999 _c22895
_d22895